A fedezetlen hitelezési folyamatok optimalizálása a DMAIC módszertan alkalmazásával

Bibliográfiai részletek
Szerző: Kiss Judit Eszter
További közreműködők: Roóz Dr. József
Dokumentumtípus: Diplomadolgozat
Kulcsszavak:LEAN
DMAIC
Six Sigma
Online Access:http://dolgozattar.uni-bge.hu/9099

MARC

LEADER 00000nta a2200000 i 4500
001 dolg9099
005 20161215171203.0
008 161215suuuu hu om 000 hun d
040 |a BGE Dolgozattár Repozitórium  |b hun 
041 |a hu 
100 1 |a Kiss Judit Eszter 
245 1 2 |a A fedezetlen hitelezési folyamatok optimalizálása a DMAIC módszertan alkalmazásával  |c Kiss Judit Eszter  |h [elektronikus dokumentum] 
695 |a LEAN 
695 |a DMAIC 
695 |a Six Sigma 
700 1 |a Roóz Dr. József  |e ths 
856 4 0 |u http://dolgozattar.uni-bge.hu/9099/1/Kiss%20Judit%20Eszter%20Szakdolgozat%202016.pdf  |z Dokumentum-elérés 
856 4 0 |u http://dolgozattar.uni-bge.hu/9099/2/Titkos%C3%ADt%C3%A1si%20k%C3%A9relem%20%28scan%29.jpg  |z Dokumentum-elérés